[Event "Gdansk op 14th"]
[Site "Gdansk"]
[Date "2012.07.28"]
[Round "8"]
[White "Walkusz, Miroslaw"]
[Black "Piesik, Piotr"]
[Result "0-1"]
[WhiteElo "1938"]
[BlackElo "2226"]
[PlyCount "130"]
[EventDate "2012.07.22"]
[EventType "swiss"]
[EventRounds "9"]
[EventCountry "POL"]
[SourceTitle "CBM 149 Extra"]
[Source "ChessBase"]
[SourceDate "2012.08.24"]
[SourceVersion "1"]
[SourceVersionDate "2012.08.24"]
[SourceQuality "1"]

1. Nf3 g6 2. d4 Bg7 3. c4 d6 4. Nc3 Nd7 5. e4 e5 6. d5 Ne7 7. Bg5 f6 8. Bh4 a5 9. a3 g5 10. Bg3 h5 11. h4 g4 12. Nd2 Bh6 13. b4 Bxd2+ 14. Kxd2 f5 15. exf5 Nf6 16. Bd3 Bxf5 17. Qe2 Qd7 18. Rhe1 0-0 19. Ne4 Nxe4+ 20. Bxe4 Bxe4 21. Qxe4 Nf5 22. b5 Qf7 23. Kc3 Qf6 24. Ra2 Rf7 25. Rd2 Raf8 26. Rde2 Rh7 27. Rh1 Rhf7 28. Rhe1 Nd4 29. Rd2 Qf5 30. Qe3 Qg6 31. Rb2 Kh7 32. Qe4 Rc8 33. Kd3 c6 34. dxc6 bxc6 35. Qxg6+ Kxg6 36. c5 dxc5 37. b6 Rd7 38. Kc4 Nb5 39. Rxe5 Rd1 40. Rg5+ Kf7 41. b7 Rc1+ 42. Kd3 Rd8+ 43. Ke3 Rc3+ 44. Ke4 Rc4+ 45. Ke3 Rc3+ 46. Ke4 Rc4+ 47. Ke3 Nc3 48. Rf5+ Kg6 49. Rg5+ Kh6 50. Re5 Nd1+ 51. Ke2 Nxb2 52. Re6+ Kh7 53. b8Q Rc2+ 54. Ke3 Nc4+ 55. Ke4 Rxb8 56. Bxb8 Re2+ 57. Kf5 Rxe6 58. Kxe6 Nxa3 59. f4 gxf3 60. gxf3 Nc2 61. f4 Nd4+ 62. Ke5 Kg6 63. Ba7 Nf3+ 64. Ke4 Nxh4 65. Bxc5 a4 0-1

[Event "POL-chT 2nd League"]
[Site "Mrzezyno"]
[Date "2011.09.04"]
[Round "2"]
[White "Walkusz, Miroslaw"]
[Black "Szylko, Waldemar"]
[Result "1-0"]
[WhiteElo "1954"]
[BlackElo "2060"]
[PlyCount "97"]
[EventDate "2011.09.03"]
[EventType "team-swiss"]
[EventRounds "9"]
[EventCountry "POL"]
[SourceTitle "EXT 2015"]
[Source "ChessBase"]
[SourceDate "2014.11.20"]
[SourceVersion "1"]
[SourceVersionDate "2014.11.20"]
[SourceQuality "1"]
[WhiteTeam "Gdynia Korsarz"]
[BlackTeam "Lubsko Caissa"]
[WhiteTeamCountry "POL"]
[BlackTeamCountry "POL"]

1. d4 c6 2. c4 f5 3. Nf3 Nf6 4. g3 e6 5. Bg2 d5 6. b3 Nbd7 7. 0-0 Bd6 8. Ba3 Bxa3 9. Nxa3 0-0 10. Nc2 Qe8 11. e3 Qh5 12. Nb4 g5 13. Nd3 Ng4 14. h3 Ngf6 15. Nfe5 Qh6 16. f4 Nxe5 17. Nxe5 Nd7 18. Nxd7 Bxd7 19. Qd2 Rae8 20. Qb4 Bc8 21. Qd6 Qf6 22. Kh2 Rd8 23. Qe5 Qxe5 24. fxe5 Rd7 25. Rf2 Rdf7 26. Raf1 Kg7 27. Bf3 Kg6 28. Be2 h5 29. c5 Bd7 30. b4 g4 31. hxg4 hxg4 32. Kg2 Kg5 33. Rh1 Rg7 34. Kg1 Be8 35. Rfh2 Bg6 36. a4 Rb8 37. Rh8 Rgg8 38. Rxg8 Rxg8 39. b5 Rb8 40. Kg2 Be8 41. Rh7 Kg6 42. Re7 Bf7 43. bxc6 bxc6 44. Rxa7 Rb2 45. Kf2 Ra2 46. a5 Be8 47. a6 f4 48. exf4 Kf5 49. Ke3 1-0

[Event "Gdansk op 12th "]
[Site "Gdansk"]
[Date "2010.07.18"]
[Round "2"]
[White "Walkusz, Miroslaw"]
[Black "Rycyk, Radoslaw"]
[Result "1/2-1/2"]
[WhiteElo "1973"]
[BlackElo "1707"]
[PlyCount "46"]
[EventDate "2010.07.17"]
[EventType "swiss"]
[EventRounds "9"]
[EventCountry "POL"]
[SourceTitle "EXT 2011"]
[Source "ChessBase"]
[SourceDate "2010.11.26"]
[SourceVersion "1"]
[SourceVersionDate "2010.11.26"]
[SourceQuality "1"]

1. Nf3 g6 2. d4 Bg7 3. c4 e6 4. e4 Ne7 5. Nc3 h6 6. Bd3 d5 7. e5 0-0 8. 0-0 b6 9. Qe2 Bb7 10. Rd1 Nbc6 11. a3 Na5 12. b4 Nxc4 13. Ne1 Nf5 14. Bxc4 dxc4 15. Qxc4 Qe7 16. Ne2 Rfd8 17. Bf4 Rd7 18. Ng3 Nxg3 19. Bxg3 Rad8 20. b5 h5 21. Qa4 Ra8 22. Qc4 Rad8 23. Qa4 Ra8 1/2-1/2

[Event "Gdansk op"]
[Site "Gdansk"]
[Date "2009.07.24"]
[Round "7"]
[White "Kaszynski, Bartlomiej"]
[Black "Walkusz, Miroslaw"]
[Result "1-0"]
[WhiteElo "2083"]
[BlackElo "1961"]
[PlyCount "57"]
[EventDate "2009.07.19"]
[EventType "swiss"]
[EventRounds "9"]
[EventCountry "POL"]
[SourceTitle "CBM 131 Extra"]
[Source "ChessBase"]
[SourceDate "2009.09.03"]
[SourceVersion "2"]
[SourceVersionDate "2009.09.16"]
[SourceQuality "1"]

1. d4 d5 2. c4 c6 3. Nf3 Nf6 4. Nc3 e6 5. cxd5 cxd5 6. Bg5 Be7 7. e3 0-0 8. Bd3 Nc6 9. 0-0 Nh5 10. Bxe7 Qxe7 11. Ne5 Nf6 12. f4 Nd7 13. Rf3 f5 14. Rh3 Nf6 15. Kh1 Bd7 16. Qe2 Nxe5 17. fxe5 Ne4 18. Rg1 Rac8 19. Bxe4 fxe4 20. g4 Be8 21. g5 Rf5 22. Qg4 a6 23. Nxd5 Qf7 24. g6 hxg6 25. Qh4 Rh5 26. Nf6+ Kh8 27. Nxh5 gxh5 28. Qg5 Kg8 29. Rhg3 1-0

[Event "Gdansk op"]
[Site "Gdansk"]
[Date "2009.07.20"]
[Round "2"]
[White "Ulanowski, Karol"]
[Black "Walkusz, Miroslaw"]
[Result "0-1"]
[WhiteElo "1777"]
[BlackElo "1961"]
[PlyCount "72"]
[EventDate "2009.07.19"]
[EventType "swiss"]
[EventRounds "9"]
[EventCountry "POL"]
[SourceTitle "CBM 131 Extra"]
[Source "ChessBase"]
[SourceDate "2009.09.03"]
[SourceVersion "2"]
[SourceVersionDate "2009.09.16"]
[SourceQuality "1"]

1. e4 e5 2. Nf3 Nc6 3. d4 exd4 4. Nxd4 Qh4 5. Nb5 Qxe4+ 6. Be3 Qe5 7. Qe2 Kd8 8. N1c3 a6 9. f4 Qe6 10. Nxc7 Kxc7 11. 0-0-0 Nf6 12. Qf3 d6 13. Bd3 Nb4 14. Kb1 Nxd3 15. cxd3 Bd7 16. Rhe1 Bc6 17. Bb6+ Kxb6 18. Qf2+ Kc7 19. Rxe6 fxe6 20. Rc1 Kd7 21. f5 Re8 22. fxe6+ Rxe6 23. Qf5 g6 24. Qh3 Bg7 25. Ne2 Nh5 26. Qg4 Rhe8 27. d4 Be4+ 28. Ka1 Bf5 29. Qf3 Rxe2 30. Qxb7+ Ke6 31. Qxa6 Re4 32. h3 Ng3 33. a3 Bxd4 34. Qb5 Kf6 35. Qd5 Be5 36. Qb5 Re2 0-1

[Event "Gdansk Autumn"]
[Site "Gdansk"]
[Date "2008.11.23"]
[Round "5.3"]
[White "Zielinski, Wojciech"]
[Black "Walkusz, Miroslaw"]
[Result "1-0"]
[WhiteElo "1971"]
[BlackElo "1962"]
[PlyCount "117"]
[EventDate "2008.11.21"]
[EventType "swiss"]
[EventRounds "5"]
[EventCountry "POL"]
[SourceTitle "EXT 2023"]
[Source "ChessBase"]
[SourceDate "2022.10.05"]
[SourceVersion "1"]
[SourceVersionDate "2022.10.05"]
[SourceQuality "1"]

1. e4 Nf6 2. Nc3 d5 3. e5 d4 4. exf6 dxc3 5. fxg7 cxd2+ 6. Qxd2 Qxd2+ 7. Bxd2 Bxg7 8. 0-0-0 Bf5 9. Nf3 Nc6 10. Bb5 0-0-0 11. Rhe1 e6 12. Bxc6 bxc6 13. Be3 Kb7 14. Nd4 Bxd4 15. Bxd4 Rhg8 16. g3 Rd5 17. c4 Ra5 18. a3 Ra4 19. b3 Rxa3 20. Kb2 Ra6 21. Be5 Kc8 22. f4 c5 23. Bf6 Re8 24. Re5 Rd6 25. Kc1 Kd7 26. Rxc5 Rxd1+ 27. Kxd1 Rb8 28. Be5 Rb7 29. Kd2 f6 30. Bxf6 Rxb3 31. Be5 Rb7 32. Kc3 a6 33. Ra5 Rb6 34. Ra2 Kc6 35. Bd4 Rb1 36. Rxa6+ Kb7 37. Ra2 Rc1+ 38. Kb3 Bd3 39. Bc3 Rb1+ 40. Bb2 Rh1 41. Ba3 Kc6 42. Kc3 Bf5 43. Kd4 Rd1+ 44. Ke5 Re1+ 45. Kf6 Re4 46. c5 Ra4 47. Ra1 Ra6 48. Kg5 Ra4 49. h4 Rxa3 50. Rxa3 Kxc5 51. Rc3+ Kd6 52. g4 Be4 53. f5 exf5 54. gxf5 c5 55. f6 Bg6 56. Kh6 Ke6 57. Kg7 Kd5 58. Rg3 c4 59. Rxg6 1-0

[Event "Gdansk Autumn"]
[Site "Gdansk"]
[Date "2008.11.21"]
[Round "1.6"]
[White "Szymanowski, Mateusz"]
[Black "Walkusz, Miroslaw"]
[Result "0-1"]
[WhiteElo "1543"]
[BlackElo "1962"]
[PlyCount "34"]
[EventDate "2008.11.21"]
[EventType "swiss"]
[EventRounds "5"]
[EventCountry "POL"]
[SourceTitle "EXT 2023"]
[Source "ChessBase"]
[SourceDate "2022.10.05"]
[SourceVersion "1"]
[SourceVersionDate "2022.10.05"]
[SourceQuality "1"]

1. e4 Nf6 2. e5 Nd5 3. c4 Nb6 4. d4 d6 5. f4 dxe5 6. fxe5 Nc6 7. Be3 Bf5 8. Nc3 e6 9. c5 Nd5 10. Nxd5 Qxd5 11. Qf3 Be4 12. Qf2 Nb4 13. Rc1 Nxa2 14. Bc4 Nxc1 15. Bxd5 Nd3+ 16. Ke2 Nxf2 17. Bxf2 Bxd5 0-1

[Event "Gdansk op"]
[Site "Gdansk"]
[Date "2008.07.20"]
[Round "3"]
[White "Walkusz, Miroslaw"]
[Black "Zielinski, Stanislaw"]
[Result "1/2-1/2"]
[WhiteElo "1987"]
[BlackElo "2145"]
[PlyCount "52"]
[EventDate "2008.07.19"]
[EventType "swiss"]
[EventRounds "9"]
[EventCountry "POL"]
[SourceTitle "EXT 2009"]
[Source "ChessBase"]
[SourceDate "2008.11.26"]
[SourceVersion "1"]
[SourceVersionDate "2008.11.26"]
[SourceQuality "1"]

1. Nf3 g6 2. d4 Nf6 3. c4 Bg7 4. Nc3 0-0 5. e4 d6 6. Be2 e5 7. d5 a5 8. Bg5 h6 9. Bh4 Na6 10. Nd2 Nc5 11. 0-0 Bd7 12. b3 Qe8 13. a3 g5 14. Bg3 Nfxe4 15. Ncxe4 Nxe4 16. Nxe4 f5 17. Nd2 f4 18. Ne4 fxg3 19. hxg3 Qg6 20. Bd3 Bf5 21. Qc2 h5 22. b4 axb4 23. axb4 Rxa1 24. Rxa1 h4 25. Ra3 Bh6 26. Qe2 Qf7 1/2-1/2

[Event "Gdansk Spring"]
[Site "Gdansk"]
[Date "2008.05.18"]
[Round "4.4"]
[White "Kotlowski, Tomasz"]
[Black "Walkusz, Miroslaw"]
[Result "1/2-1/2"]
[WhiteElo "1904"]
[BlackElo "2006"]
[PlyCount "56"]
[EventDate "2008.05.16"]
[EventType "swiss"]
[EventRounds "5"]
[EventCountry "POL"]
[SourceTitle "EXT 2023"]
[Source "ChessBase"]
[SourceDate "2022.10.05"]
[SourceVersion "1"]
[SourceVersionDate "2022.10.05"]
[SourceQuality "1"]

1. e4 c5 2. Nc3 e6 3. Bc4 a6 4. a4 Nc6 5. f4 Nge7 6. d3 d5 7. Bb3 Nd4 8. Ba2 b5 9. axb5 axb5 10. Be3 dxe4 11. Nxe4 Nef5 12. Bf2 Qa5+ 13. c3 b4 14. cxd4 b3+ 15. Kf1 bxa2 16. dxc5 Ba6 17. Qb3 Rd8 18. Ne2 Rxd3 19. Rxa2 Rxb3 20. Rxa5 Bxe2+ 21. Kxe2 Rxb2+ 22. Kd3 Be7 23. Ra8+ Bd8 24. Rha1 0-0 25. g4 Ne7 26. Bg3 Nd5 27. R1a7 Be7 28. Nd6 Rb3+ 1/2-1/2

[Event "Gdansk Spring"]
[Site "Gdansk"]
[Date "2008.05.18"]
[Round "5.8"]
[White "Walkusz, Miroslaw"]
[Black "Dzionk, Agata"]
[Result "0-1"]
[WhiteElo "2006"]
[BlackElo "1803"]
[PlyCount "63"]
[EventDate "2008.05.16"]
[EventType "swiss"]
[EventRounds "5"]
[EventCountry "POL"]
[SourceTitle "EXT 2023"]
[Source "ChessBase"]
[SourceDate "2022.10.05"]
[SourceVersion "1"]
[SourceVersionDate "2022.10.05"]
[SourceQuality "1"]

1. Nf3 Nf6 2. d4 g6 3. c4 Bg7 4. Nc3 d6 5. e4 0-0 6. Be2 Nc6 7. d5 Ne5 8. Nd4 c5 9. Nc2 a6 10. a4 Qc7 11. 0-0 e6 12. f4 Ned7 13. Ne3 e5 14. f5 h5 15. h3 Nh7 16. Qe1 Ndf6 17. fxg6 fxg6 18. Qg3 Qf7 19. a5 Bd7 20. Qe1 Qe7 21. Rb1 Qd8 22. b4 cxb4 23. Rxb4 Qxa5 24. Rxb7 Rfb8 25. Rxb8+ Rxb8 26. Bd2 Qc5 27. Kh1 Bh6 28. Qg3 Be8 29. Bd1 Qd4 30. Rf2 Bf4 31. Qf3 Ng5 32. Nc2 0-1

[Event "Gdansk Spring"]
[Site "Gdansk"]
[Date "2008.05.17"]
[Round "3.8"]
[White "Krzywkowski, Marcin"]
[Black "Walkusz, Miroslaw"]
[Result "1/2-1/2"]
[WhiteElo "1889"]
[BlackElo "2006"]
[PlyCount "45"]
[EventDate "2008.05.16"]
[EventType "swiss"]
[EventRounds "5"]
[EventCountry "POL"]
[SourceTitle "EXT 2023"]
[Source "ChessBase"]
[SourceDate "2022.10.05"]
[SourceVersion "1"]
[SourceVersionDate "2022.10.05"]
[SourceQuality "1"]

1. e4 c5 2. Nf3 d6 3. d4 cxd4 4. Nxd4 Nf6 5. Nc3 a6 6. Bg5 e6 7. f4 Nbd7 8. Qf3 Qc7 9. 0-0-0 b5 10. e5 Bb7 11. Qh3 dxe5 12. Nxe6 fxe6 13. Qxe6+ Be7 14. Bxb5 axb5 15. Nxb5 Qc6 16. Nd6+ Kd8 17. fxe5 Kc7 18. Qxe7 Rxa2 19. Bxf6 Ra1+ 20. Kd2 Qxg2+ 21. Kc3 Qc6+ 22. Kd2 Qg2+ 23. Kc3 1/2-1/2

[Event "Pomorza-ch Seniors"]
[Site "Gdansk"]
[Date "2007.11.18"]
[Round "6.5"]
[White "Walkusz, Miroslaw"]
[Black "Smalara, Kazimierz"]
[Result "1/2-1/2"]
[WhiteElo "1998"]
[BlackElo "1985"]
[PlyCount "60"]
[EventDate "2007.11.10"]
[EventType "swiss"]
[EventRounds "9"]
[EventCountry "POL"]
[SourceTitle "EXT 2023"]
[Source "ChessBase"]
[SourceDate "2022.10.05"]
[SourceVersion "1"]
[SourceVersionDate "2022.10.05"]
[SourceQuality "1"]

1. Nf3 g6 2. d4 Bg7 3. c4 d6 4. Nc3 Nc6 5. d5 Ne5 6. Nxe5 Bxe5 7. e4 c6 8. Be2 Bg7 9. 0-0 Nf6 10. f4 Qb6+ 11. Kh1 cxd5 12. e5 Ne4 13. Nxd5 Qd8 14. Bf3 Nc5 15. b4 Ne6 16. Bb2 0-0 17. exd6 exd6 18. Qd2 Nc7 19. Bxg7 Kxg7 20. Qd4+ f6 21. Rad1 Be6 22. Ne3 Rf7 23. Qxd6 Rd7 24. Qc5 Na6 25. Qb5 Rb8 26. f5 gxf5 27. Nxf5+ Kg8 28. Ne3 Qe7 29. a3 Nc7 30. Qh5 b6 1/2-1/2

[Event "Gdansk-ch"]
[Site "Gdansk"]
[Date "2007.07.28"]
[Round "8"]
[White "Walkusz, Miroslaw"]
[Black "Mierska, Agnieszka"]
[Result "1/2-1/2"]
[WhiteElo "2018"]
[BlackElo "1862"]
[PlyCount "79"]
[EventDate "2007.07.22"]
[EventType "swiss"]
[EventRounds "9"]
[EventCountry "POL"]
[SourceTitle "CBM 119 Extra"]
[Source "ChessBase"]
[SourceDate "2007.09.04"]
[SourceVersion "1"]
[SourceVersionDate "2007.09.04"]
[SourceQuality "1"]

1. Nf3 g6 2. d4 Bg7 3. c4 d6 4. e4 Nd7 5. Nc3 e5 6. Bg5 Bf6 7. Be3 Ne7 8. d5 Bg7 9. h4 h6 10. Bd3 f5 11. g3 Nf6 12. h5 g5 13. exf5 Bxf5 14. Bxf5 Nxf5 15. Qd3 Qd7 16. 0-0-0 Ng4 17. Ne4 Rf8 18. Rdf1 0-0-0 19. Kb1 a6 20. Qe2 Nfxe3 21. fxe3 Rf7 22. Nfd2 Rdf8 23. Rxf7 Rxf7 24. Kc1 Rf8 25. b3 Kb8 26. Rf1 Rxf1+ 27. Nxf1 Qf7 28. Qxg4 Qxf1+ 29. Kb2 Qg2+ 30. Ka3 Qf1 31. Qd7 Qf8 32. g4 Bh8 33. c5 dxc5 34. d6 Qc8 35. Qh7 cxd6 36. Nxd6 Qc7 37. Qxh8+ Ka7 38. Qxe5 Qa5+ 39. Kb2 Qd2+ 40. Kb1 1/2-1/2

[Event "Gdansk-ch"]
[Site "Gdansk"]
[Date "2007.07.26"]
[Round "6"]
[White "Dadello, Krzysztof"]
[Black "Walkusz, Miroslaw"]
[Result "1-0"]
[WhiteElo "1835"]
[BlackElo "2018"]
[PlyCount "83"]
[EventDate "2007.07.22"]
[EventType "swiss"]
[EventRounds "9"]
[EventCountry "POL"]
[SourceTitle "CBM 119 Extra"]
[Source "ChessBase"]
[SourceDate "2007.09.04"]
[SourceVersion "1"]
[SourceVersionDate "2007.09.04"]
[SourceQuality "1"]

1. e4 c5 2. Nf3 d6 3. d4 cxd4 4. Nxd4 Nf6 5. Nc3 a6 6. Be3 Ng4 7. Bg5 h6 8. Bh4 g5 9. Bg3 Bg7 10. Be2 h5 11. h3 Nf6 12. Qd2 g4 13. hxg4 Nxg4 14. Bxg4 Bxg4 15. f3 Bd7 16. 0-0-0 Nc6 17. Nf5 Bxf5 18. exf5 Qa5 19. f6 Bxf6 20. Nd5 Qxd2+ 21. Rxd2 0-0-0 22. Nxf6 exf6 23. Rxd6 Rxd6 24. Bxd6 Kd7 25. Bg3 Rg8 26. Bh4 Ke6 27. g3 Nd4 28. Re1+ Kf5 29. f4 Nf3 30. Re7 Nxh4 31. gxh4 Rg7 32. Rxb7 Kxf4 33. Rb6 f5 34. Rxa6 Rg6 35. Rxg6 fxg6 36. b4 g5 37. b5 Ke5 38. hxg5 h4 39. b6 Kd6 40. b7 Kc7 41. b8Q+ Kxb8 42. g6 1-0